LEADER 01170nam a2200265 u 4500 001 000000114028 003 CaOOAMICUS 005 20081203125340.0 008 081203s2008 it u000 u ita r 020 $z978-88-04-58196-3* 040 $aPUL$bita$dLDB 100 1 $aMancuso, Vito,$d1962-$0(OLS)http://pul/name/23691 245 13$aIl dolore innocente :$bl'handicap, la natura e Dio /$cVito Mancuso ; prefazione di Edoardo Boncinelli. 260 $aMilano :$bMondadori,$cc2008. 300 $axviii, 243 p. ;$c20 cm. 490 1 $aOscar saggi.$aReligione ;$v851 504 $aBibliografia in nota. 650 4$aHandicappati$xAspetti morali e religiosi.$0(OLS)http://pul/subject/34931 830 0$aOscar saggi.$pReligione ;$v851.$0(OLS)http://pul/title/143295 850 $aPUL 852 $aPUL$W1$xSL Religione 3$y85$m230 MANVI 1$j130299$qDDC 21$B129371$CPULBib$Z2$F129371 $H108878 $82 941 1 $a9 996 $6020$z978-88-04-58196-3*$9(OLS)http://pul/number/139255 996 $6245$aIl dolore innocente :$bl'handicap, la natura e Dio$9(OLS)http://pul/title/143294 996 $6260$aMilano :$bMondadori$9(OLS)http://pul/publisher/50297 LEADER 01107nam a2200277 u 4500 001 000000071267 003 CaOOAMICUS 005 20070226122119.0 008 020523s1898 fr u000 u fre u 035 $a10930828 040 $aPUL(R)$bita 100 1 $aMarceron, D.$0(OLS)http://pul/name/47326 245 10$aBibliographie du Taoïsme /$cpar D. Marceron .. 260 $aParis :$bErnest Leroux,$c1898. 300 $axxxii, 240 p. ;$c24 cm 490 1 $aMémories de la société d'ethnographie.$aSeconde série ;$v5 500 $aContiene indice. 504 $aBibliografia in nota. 650 4$aTaoismo.$0(OLS)http://pul/subject/17026 830 0$aMémories de la société d'ethnographie.$nSeconde série ;$v5.$0(OLS)http://pul/title/93846 850 $aPUL 852 $aPUL$W1$xDP1 Antico 800$y27$m780 D 60$j92196$nBK-PRI$b $qStampati Antico$B92196$CPULBib$Z2$F92196 $H $81 941 1 $a15 961 $aINV: 67189 996 $6245$aBibliographie du Taoïsme$9(OLS)http://pul/title/93845 996 $6260$aParis :$bErnest Leroux$9(OLS)http://pul/publisher/48178